Κατάλογος Βιβλιοθηκών Mediterranean College

Ο Γνωσιακός Ρόλος της Γλώσσας / Η Συμβολή των Επιστημών της Γλώσσας και του Νου (Record no. 3150)

MARC details
000 -LEADER
fixed length control field 02164cam a22001934a 4500
005 - ΗΜΕΡΟΜΗΝΙΑ ΚΑΙ ΩΡΑ ΤΕΛΕΥΤΑΙΑΣ ΕΝΗΜΕΡΩΣΗΣ
Πεδίο ελέγχου 20250605164106.0
008 - FIXED-LENGTH DATA ELEMENTS--GENERAL INFORMATION
Πεδίο ελέγχου σταθερού μήκους 250528s ||||||||||||||||||||||||d
035 ## - SYSTEM CONTROL NUMBER
System control number 17749
020 ## - ISBN
ISBN 9789609535403
040 ## - ΠΗΓΗ ΚΑΤΑΛΟΓΟΓΡΑΦΗΣΗΣ
Φορέας πρωτότυπης καταλογογράφησης MC Athens Campus Library
Γλώσσα καταλογογράφησης Ελληνικά, Μοντέρνα (1453-)
Modifying agency MC Athens Campus Library
Κανόνες περιγραφικής καταλογογράφησης AACR2
245 1# - ΤΙΤΛΟΣ ΚΑΙ ΔΗΛΩΣΗ ΥΠΕΥΘΥΝΟΤΗΤΑΣ
Τίτλος Ο Γνωσιακός Ρόλος της Γλώσσας / Η Συμβολή των Επιστημών της Γλώσσας και του Νου
260 ## - PUBLICATION, DISTRIBUTION, ETC.
Name of publisher, distributor, etc. Νήσος,
Date of publication, distribution, etc. 2012
300 ## - PHYSICAL DESCRIPTION
Extent 334
520 ## - SUMMARY, ETC.
Summary, etc. Το παρόν βιβλίο παρουσιάζει θεωρητικές και εμπειρικές προσεγγίσεις του ρόλου της γλώσσας στο νου στις γλώσσο- και γνώσιο-επιστήμες. Πρόλογος, Εισαγωγή, Ιστορική Αναδρομή στους Προβληματισμούς για τη Σχέση Γλώσσας και Νόησης στη Φιλοσοφία, Τα Νοητικά και Γλωσσικά Φαινόμενα: Θεωρητικές Προσεγγίσεις και Περιγραφές τους, Τα Νοητικά Φαινόμενα, Τα Γλωσσικά Φαινόμενα, Σημειωτική Σχετικότητα: Η Γλωσσική Μεσολάβηση της Νόησης, Υπολογιστικές Προσεγγίσεις της Γλώσσας και της Νόησης, Κοινωνικές και Νοησιακές και Εμπειρικές Προσεγγίσεις του Ρόλου της Γλώσσας στο Νου, Γλωσσική και Επικοινωνιακή Σχετικότητα: Διαφορές στη Δομή και στη Χρήση των Γλωσσών και Γνωσιακές Προεκτάσεις τους, Θεωρητικές Προσεγγίσεις της Γλωσσικής και της Επικοινωνιακής Σχετικότητας, Η Εμπειρική Διερεύνηση της Γλωσσικής Σχετικότητας, Κάποια Συμπεράσματα, Επίλογος, Βιβλιογραφικές Αναφορές.
700 1# - ΠΡΟΣΘΕΤΗ ΑΝΑΓΡΑΦΗ--ΦΥΣΙΚΟ ΠΡΟΣΩΠΟ
Personal name Κατή Δήμητρα
9 (RLIN) 3952
942 ## - ADDED ENTRY ELEMENTS (KOHA)
Koha item type Books
Holdings
Τύπος τεκμηρίου Βιβλιοθήκη Τρέχουσα τοποθεσία Barcode Αριθμός εισαγωγής Ημερομηνία απόκτησης Ταξιθετικό σύμβολο Αριθμός αντιτύπου Κατάσταση απόσυρσης Κατάσταση χαμένου Κατάσταση κατεστραμμένου Μη δανεισμός Σύνολο δανεισμών Ημερομηνία τελευταίας εμφάνισης Η τιμή ισχύει από
Books MC Athens Campus Library MC Athens Campus Library 9780000031495 7113 05/06/2025 401.9 KAT 1           05/06/2025 05/06/2025

MC Athens Campus Library
Πατησίων 94 & Κοδριγκτώνος 13, 104 34
Πελλήνης 8 & Πατησίων 107, 112 51
Τ: +30 210 8899600

MC Thessaloniki Campus Library
Ίωνος Δραγούμη 21, 54625 | Ίωνος Δραγούμη 15, 54625
Τ: +30 2310 287779 – Τ: +30 2314 440300